Statistics for The greatest empires in history

Click here to take the quiz!

General Stats

  • This quiz has been taken 44 times
  • The average score is 6 of 15

Answer Stats

Answer% Correct
1British empire
98%
5Spanish empire
70%
6Second French colonial empire
68%
2Mongol empire
63%
3Russian empire
63%
4Qing dynasty
35%
12Japan empire
33%
10Xiongnu Empire
30%
15Ming dynasty
28%
14Eastern Han dynasty
20%
11Empire of Brazil
20%
8Umayyad Caliphate
15%
9Yuan dynasty
15%
13Iberian Union
13%
7Abbasid Caliphate
10%

Score Distribution

Percentile by Number Answered

Percent of People with Each Score

Your Score History

You have not taken this quiz